La llanura manchega y sus mamíferos fósiles : (Record no. 83119)
[ view plain ]
| 000 -LEADER | |
|---|---|
| campo de control de longitud fija | 01249nam a2200277 i 4500 |
| 001 - NÚMERO DE CONTROL | |
| campo de control | 83119 |
| 003 - IDENTIFICADOR DE NÚMERO DE CONTROL | |
| campo de control | ES-MaACL |
| 005 - FECHA Y HORA DE LA ÚLTIMA TRANSACCIÓN | |
| campo de control | 20250728063125.0 |
| 007 - CAMPO FIJO DE DESCRIPCIÓN FÍSICA--INFORMACIÓN GENERAL | |
| campo de control de longitud fija | t| |
| 008 - DATOS DE LONGITUD FIJA--INFORMACIÓN GENERAL | |
| campo de control de longitud fija | 180601s1921 sp ||||1| spa d |
| 080 ## - NÚMERO DE LA CLASIFICACIÓN DECIMAL UNIVERSAL | |
| Número de la Clasificación Decimal Universal | 56:599 |
| 100 1# - ENTRADA PRINCIPAL--NOMBRE DE PERSONA | |
| Nombre de persona | Hernández-Pacheco, Eduardo, |
| Fechas asociadas al nombre | 1872-1965 |
| Término indicativo de función/relación | Autor |
| 9 (RLIN) | 63012 |
| 245 13 - MENCIÓN DEL TÍTULO | |
| Título | La llanura manchega y sus mamíferos fósiles : |
| Resto del título | (Yacimiento de la Puebla de Almoradier) / por Eduardo Hernández-Pacheco |
| 260 ## - PUBLICACIÓN, DISTRIBUCIÓN, ETC. | |
| Lugar de publicación, distribución, etc. | Madrid : |
| Nombre del editor, distribuidor, etc. | Museo Nacional de Ciencias Naturales, |
| Fecha de publicación, distribución, etc. | 1921 |
| 300 ## - DESCRIPCIÓN FÍSICA | |
| Extensión | 43 páginas, II láminas : |
| Otras características físicas | ilustraciones ; |
| Dimensiones | 27 cm |
| 490 1# - MENCIÓN DE SERIE | |
| Mención de serie | Comisión de Investigaciones Paleontológicas y Prehistóricas. Memoria ; |
| Designación de volumen o secuencia | 28, Serie paleontológica, 4 |
| 594 ## - Nota al título y mención de responsabilidad | |
| Nota al título y mención de responsabilidad | Precede al tít.: Junta para la Ampliación de Estudios e Investigaciones Científicas |
| 650 #7 - PUNTO DE ACCESO ADICIONAL DE MATERIA--TÉRMINO DE MATERIA | |
| Término de materia o nombre geográfico como elemento de entrada | Mamíferos fósiles |
| Fuente del encabezamiento o término | embne |
| 9 (RLIN) | 241402 |
| 651 #4 - PUNTO DE ACCESO ADICIONAL DE MATERIA--NOMBRE GEOGRÁFICO | |
| Nombre geográfico | Castilla-La Mancha- |
| Subdivisión general | Fósiles. |
| 9 (RLIN) | 164890 |
| 710 2# - ENTRADA AGREGADA--NOMBRE DE ENTIDAD CORPORATIVA | |
| Nombre de entidad corporativa o nombre de jurisdicción como elemento de entrada | Museo Nacional de Ciencias Naturales (España) |
| Término indicativo de función/relación | Editor |
| 9 (RLIN) | 5897 |
| 830 #0 - PUNTO DE ACCESO ADICIONAL DE SERIE-TÍTULO UNIFORME | |
| Título uniforme | Comisión de Investigaciones Paleontológicas y Prehistóricas. Memoria ; |
| Designación de volumen o secuencia | 28, Serie paleontológica, 4 |
| 9 (RLIN) | 183771 |
| 852 ## - LOCALIZACIÓN | |
| Ubicación | ES-MaACL |
| Ubicación en estantería | Sala Pardo Bazán |
| Número de control de estantería | B-13006(4) |
| 942 ## - ELEMENTOS DE ENTRADA SECUNDARIOS (KOHA) | |
| Fuente del sistema de clasificación o colocación | Clasificación decimal universal |
| Tipo de ítem Koha | Libro impreso |
| Suprimir en OPAC | No |
| Estatus retirado | Estado de pérdida | Estado de daño | No para préstamo | Biblioteca de origen | Biblioteca actual | Ubicación en estantería | Fecha de adquisición | Fuente de adquisición | Total de préstamos | Signatura topográfica completa | Código de barras | Visto por última vez | Precio de reemplazo | Tipo de ítem Koha |
|---|---|---|---|---|---|---|---|---|---|---|---|---|---|---|
| Biblioteca del Ateneo de Madrid | Biblioteca del Ateneo de Madrid | Sala Pardo Bazán | 01/06/2018 | B-13006(4) | 1198938 | 23/02/2023 | 23/02/2023 | Libro impreso |
